[Event "Metz op 31th"]
[Site "Metz"]
[Date "2013.04.21"]
[Round "3"]
[White "Bedouin, Xavier"]
[Black "Jankovic, Alojzije"]
[Result "0-1"]
[WhiteElo "2387"]
[BlackElo "2537"]
[Annotator "Metz Alekhine/Primel,D"]
[PlyCount "77"]
[EventDate "2013.04.20"]
[EventType "swiss"]
[EventRounds "9"]
[EventCountry "FRA"]
[SourceTitle "EXT 2016"]
[Source "ChessBase"]
[SourceDate "2015.10.08"]
[SourceVersion "1"]
[SourceVersionDate "2015.10.08"]
[SourceQuality "1"]
[TimeControl "40/5400:1800+30"]
[WhiteClock "1:30:00"]
[BlackClock "1:30:00"]

1. e4 c5 2. c3 d5 (2... Nf6) 3. exd5 Qxd5 4. d4 g6 {Une variante un peu
risquée mais qui permet de jouer pour le gain pour les Noirs} 5. Nf3 (5. dxc5
$5 {Une ligne crittique car les Noirs doivent souvent sacrifier mais les Noirs
semblent OK et elle a peu-à-peu été abandonnée depuis la fin des années
2000} Qxc5 6. Be3 Qc7 (6... Qa5 7. Bc4 Bg7 8. Nf3 Nh6 9. O-O O-O $11) 7. Bxa7
Rxa7 8. Qd4 {[%cal Gd4h8,Gd4a7]} Ra5 (8... Nf6 9. Qxa7 Nc6) (8... Nc6 9. Qxh8
Nf6 $44) 9. Qxh8 Nf6 {Rause,O (2222)-Illijin,N (2293) Abu Dhabi op 13th 2003 
(5) 0-1}) 5... Bg7 6. Na3 {[%cal Gf1c4,Ga3b5]} cxd4 7. Bc4 (7. Nb5 Na6 8. Nbxd4
Nf6 9. Bb5+ Bd7 10. Qe2 Bxb5 11. Qxb5+ Qxb5 12. Nxb5 O-O 13. Be3 b6 14. Rd1 e6
15. O-O Nd5 16. Bd4 Nc5 17. g3 Bxd4 18. Rxd4 a6 19. Na3 b5 20. Rfd1 Rab8 21. c4
bxc4 22. Nxc4 a5 23. Nfe5 a4 24. R1d2 Rb7 25. h4 h5 26. Rc2 Nb4 27. Re2 Nxa2
28. Nd6 Rb4 29. Red2 Kg7 30. Rxb4 Nxb4 31. Rd4 Nba6 32. Ne4 Rb8 33. Nxc5 Nxc5
34. Rc4 Rb5 35. Nc6 Nd3 36. Rxa4 Rxb2 {Mamedyarov,S (2757)-Giri,A (2734)
Beijing 2013 0-1}) 7... Qe4+ {La grande ligne} (7... Qd8 {L'alternative jouée
à la même ronde} 8. Qb3 {Crut,A (2367)-Degraeve,J (2567) Op 31th Metz 2013 
(3.14) 0-1}) 8. Be3 Nh6 9. cxd4 O-O 10. O-O Nf5 (10... Bg4 $132) 11. Re1 (11.
Qb3 Nd6 12. Bd3 Qg4 13. h3 Qh5) 11... Nxe3 12. Rxe3 Qf4 13. Ne5 Nc6 (13... Bxe5
14. dxe5 Nc6 $132 {Longson,A (2274)-Rausis,I (2514) London e2e4 Diamond
Jubilee op 2012 (4) 1/2}) 14. Nxf7 $5 {Un peu douteux mais les Blancs tentent
d'exploiter la position un peu exposée de la Qf4 et le retard de
développement de l'aile-dame des Noirs} e6 15. Rf3 $146 (15. d5 Qxf7 16. Rf3
Qe7 17. dxc6 Bxb2 18. Rb1 Bf6 19. cxb7 Bxb7 20. Re3 Kh8 21. Rxe6 Qxa3 22. Rxb7
Rad8 23. Qc2 Qc5 24. Ra6 Rfe8 25. g3 Re1+ 26. Kg2 Re7 27. Rxe7 Qxe7 28. Re6
Qb7+ 29. Qe4 Qxe4+ 30. Rxe4 Kg7 31. Re2 g5 32. Bb3 {1/2-1/2 (32) Patil,P (2097)
-Shashikant,K (2287) Aurangabad 2011}) 15... Qxd4 16. Ng5 Qxd1+ 17. Rxd1 Rxf3
18. Nxf3 a6 19. Bd3 (19. Ng5 $5 Bxb2 20. Nxe6 b5 21. Bb3 Bxe6 22. Bxe6+ Kf8 23.
Nc2 Rd8 $11) 19... b5 {[%csl Ra3]} 20. Be4 Bb7 21. Rd7 $36 Rb8 22. b3 Ba8 23.
Nc2 (23. Ng5 $5 Nd8 (23... Nd4) 24. Ra7 $1) 23... Ne5 $5 24. Rxg7+ $5 {Un coup
candidat naturel mais pas forcément bon car dans la finale R contre deux N,
la R aura beaucoup d'espace} Kxg7 25. Bxa8 Rxa8 26. Nxe5 Rc8 27. Ne1 (27. Ne3
$143 Rc1+ 28. Nf1 Rc2 $15) 27... Rc1 28. Kf1 Ra1 (28... a5 {[%cal Gc1a1]}) 29.
b4 Kf6 (29... Rxa2) 30. Ng4+ Ke7 31. Ne3 Kd6 {[%csl Ga1,Gd6,Re1,Rf1][%cal
Gd6e5,Ge5d4] La finale est un peu meilleure pour les Noirs} 32. Ke2 Rxa2+ 33.
N1c2 {les N sont liés mais ils manquent d'activité et les Noirs ont
l'initiative} a5 $1 34. bxa5 Kc5 {[%csl Gb5,Rc2][%cal Gb5b3]} 35. Kd3 b4 36.
Nc4 b3 37. N2a3 $2 {[%csl Ra3] Le Na3 est très mal placé} (37. Nd4 $1 b2 38.
Nb3+ Kb4 39. Nbd2 {[%cal Gd3c2]}) 37... Kb4 $36 38. a6 Rxf2 39. Nb5 $4 (39. a7
Rf8) (39. Nb1 $8 Ra2 40. Nca3 Rf2 41. Nc4 Rf8 $17) 0-1

[Event "Metz op 31th"]
[Site "Metz"]
[Date "2013.04.21"]
[Round "3"]
[White "Crut, Aurelien"]
[Black "Degraeve, Jean Marc"]
[Result "0-1"]
[WhiteElo "2367"]
[BlackElo "2567"]
[Annotator "Metz Alekhine/Primel,D"]
[PlyCount "63"]
[EventDate "2013.04.20"]
[EventType "swiss"]
[EventRounds "9"]
[EventCountry "FRA"]
[SourceTitle "EXT 2016"]
[Source "ChessBase"]
[SourceDate "2015.10.08"]
[SourceVersion "1"]
[SourceVersionDate "2015.10.08"]
[SourceQuality "1"]
[TimeControl "40/5400:1800+30"]
[WhiteClock "1:30:00"]
[BlackClock "1:30:00"]

1. e4 c5 2. Nf3 g6 3. c3 d5 4. exd5 Qxd5 {Cette variante g6 était également
utilisée à la même ronde à la table 6} 5. d4 Bg7 6. Na3 cxd4 7. Bc4 (7. Nb5
Na6 8. Nbxd4 Nf6 9. Bb5+ Bd7 10. Qe2 Bxb5 11. Qxb5+ Qxb5 12. Nxb5 O-O 13. Be3
b6 14. Rd1 e6 15. O-O Nd5 16. Bd4 Nc5 17. g3 Bxd4 18. Rxd4 a6 19. Na3 b5 20.
Rfd1 Rab8 21. c4 bxc4 22. Nxc4 a5 23. Nfe5 a4 24. R1d2 Rb7 25. h4 h5 26. Rc2
Nb4 27. Re2 Nxa2 28. Nd6 Rb4 29. Red2 Kg7 30. Rxb4 Nxb4 31. Rd4 Nba6 32. Ne4
Rb8 33. Nxc5 Nxc5 34. Rc4 Rb5 35. Nc6 Nd3 36. Rxa4 Rxb2 {Mamedyarov,S (2757)
-Giri,A (2734) Beijing 2013 0-1}) 7... Qd8 $5 {Evite les complications de la
variante Qe4 mais au risque d'un retard de développement} (7... Qe4+ {Bedouin,
X (2387)-Jankovic,A (2537) Op 31th Metz 2013 (3.6) 0-1}) 8. Qb3 {[%csl Rf7]
Forçant un affaiblissement} e6 9. cxd4 Ne7 {[%csl Gd5]} 10. Bf4 $146 {[%cal
Ga3b5]} (10. O-O O-O 11. Bg5 Nbc6 12. Rad1 h6 13. d5 exd5 14. Bxd5 Qb6 15. Be3
Qxb3 16. Bxb3 Bg4 17. Nc4 Be6 18. Nd4 Nxd4 19. Bxd4 Bxd4 20. Rxd4 Rfd8 21. Rfd1
Rxd4 22. Rxd4 Rc8 23. Nd6 Rc7 24. Kf1 Bxb3 25. axb3 a6 26. Ne4 Kg7 27. Rc4 Rd7
28. Nc5 Rd1+ 29. Ke2 Rb1 30. Nd3 Nc6 31. Ke3 Kf6 32. f4 h5 33. Rc1 Rxc1 34.
Nxc1 Ke6 35. Ne2 Kd5 36. Kd3 Nb4+ 37. Kc3 a5 38. Nd4 Ke4 39. Nb5 Kd5 {Gankin,S
(2276)-Iskusnyh,S (2467) Tomsk 2008 1/2-1/2}) 10... a6 11. O-O $32 Nbc6 {
[%cal Gc6a5]} 12. Rfd1 O-O (12... Na5 $5 {Gagne la paire de B} 13. Qc2 Nxc4 14.
Qxc4 O-O $132) 13. Be5 $5 b5 14. Be2 Nxe5 15. dxe5 Nd5 16. Nc2 Qe7 $1 (16...
Bb7 17. a4 $1 {[%cal Gb3b7]}) 17. Bd3 Bb7 18. Be4 Bh6 $1 {[%csl Rc1]} 19. Nb4
$1 {Une mauvaise surprise pour les Noirs} Nxb4 20. Bxb7 Qxb7 21. Qxb4 {[%cal
Ga2a4]} Rfc8 {[%cal Gc8c4]} 22. a4 $1 Rc4 23. Qb3 Rac8 24. axb5 Qxb5 25. Qxb5
axb5 26. g3 Rb4 27. Rab1 Bf8 28. Rd4 Rbc4 29. Rbd1 h6 30. Kg2 Rc2 31. Nh4 R2c5
32. Nf3 {Suite illisible et gain Noir au 63ème coup} 0-1

[Event "Metz op 31th"]
[Site "Metz"]
[Date "2013.04.24"]
[Round "4"]
[White "Riff, Jean Noel"]
[Black "Manolache, Marius"]
[Result "0-1"]
[WhiteElo "2467"]
[BlackElo "2501"]
[Annotator "Metz Alekhine/Primel,D"]
[PlyCount "59"]
[EventDate "2013.04.20"]
[EventType "swiss"]
[EventRounds "9"]
[EventCountry "FRA"]
[SourceTitle "EXT 2016"]
[Source "ChessBase"]
[SourceDate "2015.10.08"]
[SourceVersion "1"]
[SourceVersionDate "2015.10.08"]
[SourceQuality "1"]
[TimeControl "40/5400:1800+30"]
[WhiteClock "1:30:00"]
[BlackClock "1:30:00"]

1. e4 g6 2. d4 Bg7 3. Nc3 d6 4. Be3 c6 5. Qd2 Na6 {Très peu joué mais le
roumain avait déjà utilisé cette variante} (5... b5 {La grande ligne} 6. Bd3
Nd7) (5... Nd7 6. h4 Ngf6 7. f3 b5 8. g4 Nb6 9. h5 Rg8 10. Nh3 b4 11. Nd1 a5
12. a3 bxa3 13. Rxa3 Ba6 14. Bxa6 Rxa6 15. Qe2 Ra8 16. c4 Nfd7 17. Nc3 e6 18.
Kf2 gxh5 19. g5 Qe7 20. Nf4 h6 21. Nxh5 hxg5 22. Nxg7+ Rxg7 23. Rh8+ Nf8 24.
Rb3 Nbd7 25. Rb7 g4 26. fxg4 Rh7 27. Rxh7 Nxh7 28. Qf3 Qh4+ 29. Qg3 Qxg3+ 30.
Kxg3 a4 31. Bc1 Nhf8 32. Rb4 c5 33. dxc5 Nxc5 34. Nb5 Kd7 35. Be3 {Caruana,F 
(2757)-Kramnik,V (2810) Zuerich 2013 1/2-1/2}) 6. h3 (6. f3 h5 7. g3 Rb8 8. Nh3
b5 9. Nf2 Nf6 10. Bg2 Nd7 11. f4 Nb6 12. b3 Nc7 13. Ne2 d5 14. O-O h4 15. g4 h3
16. Bf3 dxe4 17. Nxe4 Nbd5 18. c4 bxc4 19. bxc4 Rb2 20. Qxb2 Nxe3 21. Qb8 Nxf1
22. Rxf1 Ne6 23. Rd1 O-O 24. d5 {1/2-1/2 (24) Caruso,A (2247)-Simoli,S (2280)
Monselice 2003}) 6... Nc7 7. Nf3 b5 8. Bd3 (8. O-O-O b4 {Mertens,F (2038)
-Matthey,H (2235) Sachsen Anhalt-ch 22nd 2012 (3.4) 0-1}) 8... Nf6 9. a4 b4 10.
Ne2 Rb8 (10... a5 $5 {[%cal Gc8a6]}) 11. Ng3 O-O 12. O-O Bd7 13. Nh2 $6 {
Le plan f2f4 est naturel mais le Nh2 va rester bloqué sur cette case "h2"
pendant trop longtemps} (13. c3) 13... Ne6 14. f4 c5 15. d5 Nd4 $132 {[%csl
Gd4]} 16. f5 {[%cal Gh2g4]} Qc8 $1 {[%cal Gd7f5,Gc5c4]} 17. b3 Kh8 18. Rf2 gxf5
19. Raf1 fxe4 20. Bxe4 Nxe4 21. Nxe4 f5 $1 22. Ng5 (22. Bh6 $5 fxe4 23. Bxg7+
Kxg7 24. Qg5+ Kh8 25. Rxf8+ Qxf8 26. Rxf8+ Rxf8 27. Ng4 (27. Qxe7 Ne2+ 28. Kh1
Ng3+ 29. Kg1 Ne2+) 27... Rf7 28. Kh2 $13) 22... Qe8 23. Rf4 Qg6 24. Rh4 h6 25.
Ngf3 f4 $1 26. Bxf4 Qxc2 27. Qxc2 Nxc2 $17 28. Bxh6 Bxh6 29. Rxh6+ Kg7 {
Les pièces Noires sont mieux coordonnées et le P passé "h" sera difficile
à valoriser} 30. Rh5 {suite illisible et gain noir au 48ème coup} 0-1

[Event "Metz op 30th"]
[Site "Metz"]
[Date "2012.04.23"]
[Round "2"]
[White "Koziak, Vitali"]
[Black "Shanava, Konstantine"]
[Result "1-0"]
[WhiteElo "2511"]
[BlackElo "2585"]
[Annotator "Metz Alekhine/Primel,D"]
[PlyCount "53"]
[EventDate "2012.04.14"]
[EventType "swiss"]
[EventRounds "9"]
[EventCountry "FRA"]
[SourceTitle "EXT 2013"]
[Source "ChessBase"]
[SourceDate "2012.11.22"]
[SourceVersion "1"]
[SourceVersionDate "2012.11.22"]
[SourceQuality "1"]

1. d4 g6 2. e4 Bg7 3. Nc3 d6 4. f4 Nc6 5. Be3 Nf6 6. Nf3 (6. Be2) 6... e6 7.
Qd2 a6 (7... Ng4 $6 8. Bg1 {[%cal Gh2h3]}) 8. Bd3 (8. Bf2 Ne7 9. Bh4 d5 10. e5
Nd7 11. g4 c5 12. O-O-O h5 13. h3 cxd4 14. Qxd4 Nc6 15. Qd2 Qa5 16. Kb1 b5 17.
Bd3 Nc5 18. f5 exf5 19. gxf5 Nxd3 20. f6 Bh6 21. Qxd3 Bf5 22. Qxd5 O-O 23. Qxc6
Rac8 24. Qd6 Rfd8 25. Qe7 Bxc2+ 26. Ka1 Bxd1 27. e6 Rxc3 28. exf7+ Kh8 29. Bg5
Bb3 30. a3 Bf8 31. Ne5 Bc2 {0-1 (31) Stellwagen,D (2630)-Shanava,K (2569)
Istanbul 2012}) 8... Ne7 $6 {Trés passif et les Blancs vont commencer а
prendre l'initiative} (8... O-O 9. e5 Nd5 {Trepat Herranz,J (2299)-Garcia
Castro,P (2393) ESP-chT CECLUB Div1 GpA 2012 (1) 1/2}) 9. O-O-O $32 b5 10. e5
Nfd5 11. Nxd5 Nxd5 12. g4 Bb7 13. f5 $1 dxe5 14. fxg6 $6 (14. fxe6 $142 Nxe3
15. Qxe3 exd4 16. exf7+ Kf8 17. Qf4 {[%cal Gh1f1,Gf3g5,Gg5e6]}) (14. Bh6 Bxh6
15. Qxh6 Nb4 16. fxg6 $1 (16. Be2) 16... Bxf3 17. g7 Rg8 18. Bxh7 Rxg7 19. Qxg7
Qd5 20. Rhf1 O-O-O $132) 14... hxg6 15. Bg5 Ne7 16. Nxe5 $5 Bxh1 17. Qf4 O-O {
L'attaque Blanche parait s'essoufler} 18. Bxe7 Qxe7 19. Rxh1 c5 20. h4 cxd4 21.
g5 Qd6 22. Re1 Bxe5 (22... Ra7 $5 {[%cal Ga7h7]}) 23. Rxe5 Rac8 $17 {[%cal
Gc8c5]} 24. Qf6 $1 {[%csl Rg8][%cal Gd3g6] Menace de forcer la nulle par Bg6}
Rc5 (24... Qd8 $8 25. Qf2 Qe7 26. Qxd4 Rfd8 $19) 25. Rxc5 Qxc5 26. h5 Qd5 $4 (
26... Qb4 {[%cal Gb4e1]} 27. b3 Rc8 28. hxg6) 27. h6 1-0

[Event "Metz op 30th"]
[Site "Metz"]
[Date "2012.04.23"]
[Round "4"]
[White "Pap, Misa"]
[Black "Shanava, Konstantine"]
[Result "0-1"]
[WhiteElo "2501"]
[BlackElo "2585"]
[Annotator "Metz Alekhine/Primel,D"]
[PlyCount "68"]
[EventDate "2012.04.14"]
[EventType "swiss"]
[EventRounds "9"]
[EventCountry "FRA"]
[SourceTitle "EXT 2013"]
[Source "ChessBase"]
[SourceDate "2012.11.22"]
[SourceVersion "1"]
[SourceVersionDate "2012.11.22"]
[SourceQuality "1"]

1. e4 g6 2. d4 Bg7 3. Nc3 d6 4. f4 Nc6 5. Be3 Nf6 6. Nf3 e6 (6... O-O) 7. Qd2
a6 8. h3 (8. O-O-O $142 {La ligne principale jouée а la ronde 6} Ne7 9. e5 {
Korneev,O (2597)-Shanava,K (2586) Metz op 30th  2012 (6) 1/2} (9. Kb1)) (8. Bf2
Ne7 9. Bh4 d5 10. e5 Nd7 11. g4 c5 12. O-O-O h5 13. h3 cxd4 14. Qxd4 Nc6 15.
Qd2 Qa5 16. Kb1 b5 17. Bd3 Nc5 18. f5 exf5 19. gxf5 Nxd3 20. f6 Bh6 21. Qxd3
Bf5 22. Qxd5 O-O 23. Qxc6 Rac8 24. Qd6 Rfd8 25. Qe7 Bxc2+ 26. Ka1 Bxd1 27. e6
Rxc3 28. exf7+ Kh8 29. Bg5 Bb3 30. a3 Bf8 31. Ne5 Bc2 {0-1 (31) Stellwagen,D 
(2630)-Shanava,K (2569) Istanbul 2012}) 8... Ne7 $5 $146 {[%csl Gd5,Gf5]
Surcontrole les cases sensibles mais au détriment d'un retard de développement}
(8... O-O 9. O-O-O b6 10. e5 Nd5 11. Nxd5 exd5 12. g4 f6 13. Bg2 Na5 14. b3 c6
15. Rhf1 Ra7 16. Bf2 Raf7 17. Bg3 Nb7 18. Rde1 dxe5 19. fxe5 fxe5 20. Nxe5 Bxe5
21. Bxe5 Rxf1 22. Bxf1 Nd6 23. Qh6 Rf7 24. Bd3 Ne4 25. Bxe4 dxe4 26. Rxe4 b5
27. Qe3 Qa5 28. Bd6 Rf1+ 29. Kb2 b4 30. Re8+ Kg7 31. Qe7+ Kh6 32. Qh4+ Kg7 33.
Be5+ {1-0 (33) Brendel,O (2311)-Haskamp,S (2308) Germany 2004}) 9. Bd3 $32 b5
10. a3 (10. O-O-O b4 $132) 10... Bb7 11. O-O O-O 12. Bf2 Nd7 13. Bh4 c5 14. e5
$5 {[%csl Rd6,Rf6][%cal Gc3e4] Risqué} (14. Rad1 $5 {Semble plus solide que le
sacrifice du P} cxd4 15. Ne2 Rc8 (15... e5 16. Qb4 $44) 16. Nexd4) 14... cxd4
15. Ne4 dxe5 16. fxe5 Bxe4 $1 17. Bxe4 Ra7 18. Rae1 $44 (18. Qf4 {[%cal Gf4e5]}
Nc5) 18... Nxe5 19. Nxe5 Bxe5 20. Bxg6 Qd6 21. Bd3 f5 (21... f6 $5 {[%cal
Gf6e5,Ge7g6,Ga7g7]}) 22. a4 Nd5 23. axb5 axb5 24. Kh1 Ne3 $36 25. Rf3 f4 $1 {
[%csl Ge3,Rf3] Le Ne3 est monstrueux et la Rf3 manque d'espace} 26. Be4 Rg7 27.
Re2 Kh8 28. Qd3 Rfg8 $40 29. Rff2 Qd7 30. Re1 Rf7 31. b3 b4 {[%csl Rc2]} 32.
Ra1 Bb8 33. Ra5 f3 $1 {[%cal Gd7d6,Gd6h2]} 34. gxf3 (34. Rxf3) 34... Bf4 0-1

[Event "Bundesliga 0102"]
[Site "Germany"]
[Date "2002.03.17"]
[Round "11.7"]
[White "Heissler, Jakob"]
[Black "Thiede, Lars"]
[Result "1-0"]
[WhiteElo "2437"]
[BlackElo "2410"]
[Annotator "Meyer,CD"]
[PlyCount "107"]
[EventDate "2001.10.06"]
[EventType "team-tourn"]
[EventRounds "15"]
[EventCountry "GER"]
[SourceTitle "CBM 088"]
[Source "ChessBase"]
[SourceDate "2002.03.21"]
[SourceVersion "1"]
[SourceVersionDate "2002.03.21"]
[SourceQuality "1"]
[WhiteTeam "Werder Bremen"]
[BlackTeam "Neukoelln"]
[WhiteTeamCountry "GER"]
[BlackTeamCountry "GER"]

1. e4 g6 2. d4 Bg7 3. c3 d5 4. Nd2 c5 5. dxc5 Nf6 6. exd5 Qxd5 7. Ngf3 Qxc5 8.
Nb3 Qc7 9. Bb5+ Nbd7 10. O-O O-O 11. Re1 e5 12. Bg5 Re8 13. Nbd2 a6 14. Bxf6
Bxf6 15. Bxd7 Bxd7 16. Ne4 Bg7 17. Qd6 Qd8 18. Rad1 Bc6 19. Qc5 Qe7 20. Qxe7
Rxe7 {[#] Läuferpaar versus Springerpaar!} 21. Nd6 Kf8 (21... Bxf3 22. gxf3 Rd7
23. Nc4 Rxd1 24. Rxd1 b5 $15) 22. Nc4 f6 23. Nb6 Rae8 24. c4 Kf7 25. b4 Rc7 26.
c5 Bf8 27. Nd2 Rd8 28. Ndc4 Rxd1 29. Rxd1 Be7 30. a4 Ke6 31. f3 f5 (31... Bxa4
$5 32. Nxa4 b5 $13) 32. Re1 e4 33. Kf2 Bf6 34. Rd1 Bc3 35. Rb1 exf3 36. gxf3
Bd4+ $6 (36... Bd5) 37. Kg2 Kf6 $2 38. Na5 $6 (38. b5 $16) 38... Re7 $2 (38...
Kg5 $5 $13 {, um flugs aus der Reichweite des Nb6 zu gelangen, war vorzuziehen.
}) 39. Nxc6 bxc6 40. Rd1 $1 {[#]} {40...} Bc3 {(?) In prekärer Lage der letzte
Zug vor der Zeitkontrolle. Aber auch in der häuslichen Analyse ist eine
überzeugende Fortsetzung nicht mehr zu finden.} (40... Be3 41. b5 axb5 42. axb5
Kf7 43. bxc6 Bxc5 44. Na8 Re2+ 45. Kh1 Rc2 46. c7 Be7 47. Rd7 {/\Nb6+-} {(} Ke8
48. Nb6 g5 49. c8=Q+ Rxc8 50. Rxe7+ Kxe7 51. Nxc8+ {)}) (40... Ke5 $5 41. Nc4+
Kd5 42. Na5 $16) (40... Be5 41. b5 axb5 42. axb5 Ra7 43. bxc6 Ra2+ 44. Kf1 Kg5
45. Rd7 $18) 41. b5 $18 axb5 42. axb5 Re6 43. bxc6 Rxc6 (43... Be5 44. Re1 Kf7
45. Nd5) 44. Nd5+ Kg5 45. Nxc3 Rxc5 46. Nd5 Rc4 47. Kg3 Kh6 48. Nf4 Rc6 49. h4
Ra6 50. Rd7 Ra8 51. Nh3 Rh8 52. Ng5 Kh5 53. Nxh7 f4+ 54. Kh3 1-0

[Event "Bundesliga 0102"]
[Site "Germany"]
[Date "2002.04.27"]
[Round "14.8"]
[White "Meyer, Claus Dieter"]
[Black "Haskamp, Stephan"]
[Result "0-1"]
[WhiteElo "2319"]
[BlackElo "2310"]
[Annotator "Meyer,CD"]
[PlyCount "86"]
[EventDate "2001.10.06"]
[EventType "team-tourn"]
[EventRounds "15"]
[EventCountry "GER"]
[SourceTitle "CBM 089"]
[Source "ChessBase"]
[SourceDate "2002.08.12"]
[SourceVersion "1"]
[SourceVersionDate "2002.08.12"]
[SourceQuality "1"]
[WhiteTeam "Werder Bremen"]
[BlackTeam "Koenig Plauen"]
[WhiteTeamCountry "GER"]
[BlackTeamCountry "GER"]

{"DAS SCHWERSTE IST, EINE GEWONNENE PARTIE ZU GEWINNEN." (Tarrasch)} 1. e4 g6
2. d4 Bg7 3. Nc3 d6 4. Bc4 e6 5. Nf3 Ne7 6. Bg5 h6 7. Bh4 a6 8. a4 b6 9. O-O
Bb7 10. Qd2 Nd7 {der berühmt-berüchtigte "Hyppopotamus"} 11. Rad1 O-O 12. Rfe1
Kh7 13. Qe2 Qe8 14. h3 Nf6 15. Bd3 Nh5 16. Qd2 Nf6 17. Bg3 Nd7 18. Qe2 Qb8 19.
e5 $5 $36 {[#]} Bxf3 (19... Re8 20. Ne4 $5 d5 21. Nf6+ $1 Nxf6 22. exf6 Bxf6
23. Ne5 $40) (19... d5 20. Na2 $5 c5 21. c3 c4 22. Bc2 Nc6 23. Nh2 $40) 20.
Qxf3 d5 $6 ({Diese Abriegelung des Zentrums und Forcierung eines
"Zwei-Fronten-Krieges" erscheint fragwürdig, da die weißen Angriffschancen am
Königsflügel schwerer wiegen als die des Schwarzen auf der anderen Brettseite.
} 20... dxe5 $5 21. dxe5 c6 (21... c5 $6 22. Qe2 Qc7 23. f4 $16) 22. Ne4 $5 (
22. Qe2 Nd5) 22... Nf5 (22... Nxe5 $4 23. Nf6+) (22... Bxe5 $4 23. Nf6+) 23.
Nd6 (23. Ng5+ hxg5 24. Bxf5 Nxe5) 23... Nxg3 24. Qxg3 $14 {, z.B.} Nc5 25. c3
Nxd3 (25... Nxa4 $4 26. Nxf7) 26. Rxd3) 21. Ne2 c5 22. c3 c4 23. Bc2 b5 24.
axb5 axb5 25. Bb1 $5 (25. Ra1) 25... b4 26. Nf4 Kg8 27. Qg4 Nf5 $6 (27... Re8
$5) 28. Bxf5 gxf5 29. Qf3 Ra2 30. Rb1 Qb7 31. Nh5 $16 Rb8 {[#] Nun gilt es,
"das Strategische mit dem Taktischem zu verbinden", und hier offenbart Weiß 
(leider) eklatante Schwächen ...} (31... Bh8 32. Bf4 Kh7 (32... Rb8 $2 33. Nf6+
) 33. Qg3 {/\Qh4}) 32. Bh4 $2 (32. Bf4 $1 Bf8 (32... Nf8 33. Nf6+ Kh8 34. Qh5
Ng6 (34... Nh7 35. Bxh6 Bxf6 36. exf6 $18) 35. Bxh6 Bxf6 36. exf6 Kg8 37. Bf4
$1 $18) 33. Nf6+ Nxf6 34. exf6 Rba8 (34... Rd8 35. Qh5 Kh7 36. Re3 $18 bxc3 37.
Rg3 c2 38. Bxh6 cxb1=Q+ 39. Bc1+ Bh6 40. Qxh6#) 35. Qh5 (35. Qg3+ Kh7 36. Bd6
Qc8 37. Bxb4 Qb8 38. Re5 $16) 35... Kh7 36. Re3 Ra1 37. Rxa1 Rxa1+ 38. Kh2 $18)
(32. Nf6+ $2 Kf8 $5 $13) 32... Nf8 $2 (32... Bh8 $5 $14) 33. Bf6 $1 (33. Nxg7
Kxg7 34. Bf6+ Kh7 35. Qh5 Ng6 36. Bg5 $16) 33... Bxf6 34. exf6 $2 (34. Nxf6+
Kh8 35. Qh5 (35. Qf4 Kg7 36. Nh5+ Kh7 (36... Kg6 37. Re3 Kh7 (37... Kxh5 $4 38.
Rg3) 38. Nf6+ Kg7 39. Nh5+ Kh7 40. Qh4 Ng6 41. Qf6 Rg8 42. cxb4 {siehe auch B})
37. Qh4 Ng6 38. Qf6 Rg8 39. cxb4 Ra4 40. Ra1 Rxb4 41. Ra2 $16 {/+-, /\Rea1})
35... Kg7 36. g4 bxc3 (36... fxg4 $4 37. Nxg4 $18) (36... f4 $4 37. g5 $1 hxg5
38. Ng4 $18) 37. gxf5 exf5 38. Qxf5 Rxb2 39. Nh5+ Kg8 40. Qf6 Ne6 41. Qxh6 $18
Qe7 42. Kh2 $1 Qg5 (42... Rxf2+ 43. Kh1) (42... Rxb1 43. Re3 Rg1 44. Kxg1 Qg5+
45. Rg3) 43. Nf6+ Qxf6 44. exf6 Rxb1 45. Re3 (45. Rxe6)) 34... bxc3 (34... Ng6
35. Nf4 bxc3 36. Nxg6 fxg6 37. bxc3 Qxb1 38. Rxb1 Rxb1+ 39. Kh2 Kf7 (39... Ra7
40. Qe3) (39... Rb7 40. Qe3) 40. Qf4 Kxf6 41. Qxh6 Ra7 $11) 35. bxc3 $2 (35.
Nf4 Ng6 36. Nxg6 {usw. = wie vorher}) 35... Qxb1 36. Rxb1 Rxb1+ 37. Kh2 Rbb2 {
[#]} 38. Qf4 $4 ({Enttäuscht von seiner Spielführung und angesichts nahender
Zeitnot verliert Weiß Kopf und Kragen. Wie mir mein Gegner später zeigte, war} 
38. Nf4 $1 {(Haskamp) beachtlich:} Rxf2 (38... Kh7 $2 39. Qg3 Ng6 40. Nxg6 fxg6
41. Qc7+ {nebst Qg7#}) (38... Ng6 $2 39. Nxg6 (39. Qh5 $4 Kh7 40. Nxg6 fxg6 41.
f7 gxh5 42. f8=Q Rb7 $17) 39... fxg6 40. Qe3 $1 $18 Rb7 (40... Kf7 41. Qxh6
Kxf6 42. Qf8+ Kg5 43. h4+ Kf4 44. Qh6+ g5 45. Qxg5+ Ke4 46. Qe3#) 41. Qxe6+ Kh7
42. f7 Ra8 (42... Kg7 43. Qe5+) 43. Qe8 Rbb8 44. f8=N+) 39. Qh5 $1 e5 $1 40.
Qxh6 (40. dxe5 $4 Rxf4 41. Qxh6 Ne6) 40... Ne6 41. Nxd5 (41. Nxe6 Rxg2+ 42. Kh1
fxe6 (42... Rh2+ 43. Kg1 Rhg2+ 44. Kf1 fxe6) 43. dxe5 $11) 41... Rxg2+ 42. Kh1
Rh2+ 43. Kg1 Rag2+ 44. Kf1 Rf2+ 45. Ke1 Re2+ 46. Kd1 Rd2+ 47. Qxd2 Rxd2+ 48.
Kxd2 exd4 49. cxd4 $11) 38... Rxf2 $19 39. Qxh6 Rxg2+ 40. Kh1 Rg6 (40... e5
$142 $1 41. dxe5 Ne6) 41. Qe3 Nh7 $6 42. Qe5 $2 (42. Nf4 $5 Ra1+ (42... Rxf6 $2
43. Qg3+ $132 Kf8 (43... Kh8 44. Nh5 Rg6 45. Qb8+ Rg8 46. Qe5+ f6 47. Nxf6 Nxf6
48. Qxf6+ $11) 44. Nh5 f4 45. Qg7+ Ke7 46. Qxh7 Rf5 47. Ng7 Rg5 48. Qb1 $15)
43. Kh2 Rgg1 $19 (43... Rxf6 $2 44. Qg3+ Kh8 45. Nh5 Rg6 46. Qb8+ Rg8 47. Qe5+
f6 48. Nxf6 $11) 44. Ne2 (44. Qxg1+ $2 Rxg1 45. Kxg1 Nxf6 $19) (44. Nh5 Ng5 45.
Qxg1 Rxg1 46. Kxg1 Ne4 $19) 44... Rg5 45. Nf4 Rag1 46. Qe5 R1g3) 42... Ng5 $19
43. Nf4 Rh2+ {[#]} 0-1